LEADER 01814nam 2200481I 450 001 9910704923903321 005 20131217155342.0 035 $a(CKB)5470000002446509 035 $a(OCoLC)865511561 035 $a(EXLCZ)995470000002446509 100 $a20131217d1989 ua 0 101 0 $aeng 135 $aurcn||||||||| 181 $ctxt$2rdacontent 182 $cc$2rdamedia 183 $acr$2rdacarrier 200 10$aNuclear fragmentation energy and momentum transfer distributions in relativistic heavy-ion collisions /$fby Ferdous Khan; principal investigator, Govind S. Khandelwal 210 1$aNorfolk, Virginia :$cDepartment of Physics, College of Sciences, Old Dominion University ;$aHampton, VA :$cNational Aeronautics and Space Administration, Langley Research Center,$d[1989] 215 $a1 online resource (ix, 140 pages) $cillustrations 225 1 $aNASA CR ;$v185501 300 $aTitle from title screen (viewed December 17, 2013). 300 $a"August 1989." 320 $aIncludes bibliographical references (pages 108-113). 606 $aCollisions$2nasat 606 $aEnergy levels$2nasat 606 $aFragmentation$2nasat 606 $aHeavy ions$2nasat 606 $aRelativistic particles$2nasat 615 7$aCollisions. 615 7$aEnergy levels. 615 7$aFragmentation. 615 7$aHeavy ions. 615 7$aRelativistic particles. 700 $aKhan$b Ferdous$01403497 702 $aKhandelwal$b G. S. 712 02$aOld Dominion University.$bDepartment of Physics, 712 02$aLangley Research Center, 801 0$bGPO 801 1$bGPO 906 $aBOOK 912 $a9910704923903321 996 $aNuclear fragmentation energy and momentum transfer distributions in relativistic heavy-ion collisions$93476338 997 $aUNINA LEADER 01926nas 2200613- 450 001 9910231848303321 005 20241204162638.0 011 $a1712-7971 035 $a(OCoLC)57371061 035 $a(CKB)958480293432 035 $a(CONSER)--2018207001 035 $a(DE-599)ZDB2191814-4 035 $a(EXLCZ)99958480293432 100 $a20050105a19759999 s-- b 101 0 $aeng 135 $aurcn||||||||| 181 $ctxt$2rdacontent 182 $cc$2rdamedia 183 $acr$2rdacarrier 200 00$aCanadian journal of remote sensing =$eJournal canadien de télédétection 210 1$aOttawa :$cCanadian Aeronautics and Space Institute 210 31$a[London, England] :$cTaylor & Francis Group 215 $a1 online resource 300 $aEditor: N.C. Coops. 300 $aRefereed/Peer-reviewed 311 08$a0703-8992 320 $aIncludes bibliographical references. 517 1 $aJournal canadien de télédétection 517 1 $aCan. j. remote sensing 531 $aCAN J REMOTE SENS 531 $aCAN J REMOTE SENS J CAN TELEDETECT 531 0 $aCan. j. remote sens. 606 $aRemote sensing$vPeriodicals 606 $aTélédétection$vPériodiques 606 $aRemote sensing$2fast$3(OCoLC)fst01094469 606 $aREMOTE SENSING$2unbist 608 $aPeriodical 608 $aperiodicals.$2aat 608 $aPeriodicals.$2fast 608 $aPeriodicals.$2lcgft 608 $aPériodiques.$2rvmgf 615 0$aRemote sensing 615 6$aTélédétection 615 7$aRemote sensing. 615 7$aREMOTE SENSING. 676 $a621.3678 676 $a621.36/78/05 701 $aCoops$b Nicholas C$0932441 712 02$aCanadian Aeronautics and Space Institute. 712 02$aCanadian Remote Sensing Society. 906 $aJOURNAL 912 $a9910231848303321 996 $aCanadian journal of remote sensing$92098310 997 $aUNINA